[Event "Power Solutions Arctic Chess NGP 2026"]
[Site "UiT Campus Alta"]
[Date "2026.02.18"]
[Round "1"]
[White "Urkedal, Frode O. O."]
[Black "Jessen, Simon P."]
[Result "1-0"]
[WhiteElo "2569"]
[BlackElo "2059"]
[PlyCount "41"]
[EventDate "2026.??.??"]

1. d4 d5 2. c4 c6 3. Nf3 Nf6 4. e3 e6 5. b3 Nbd7 6. Nbd2 Bd6 7. Bb2 O-O 8. Bd3
Re8 9. Ne5 c5 10. O-O Qc7 11. f4 cxd4 12. exd4 dxc4 13. bxc4 b6 14. Ne4 Nxe4
15. Bxe4 Bb7 16. Bxh7+ Kxh7 17. Qh5+ Kg8 18. Qxf7+ Kh7 19. Nxd7 Re7 20. Nf6+
Kh8 21. Qh5# 1-0

[Event "Power Solutions Arctic Chess NGP 2026"]
[Site "UiT Campus Alta"]
[Date "2026.02.18"]
[Round "1"]
[White "Hagesather, Arne"]
[Black "Kaasen, Tor F."]
[Result "0-1"]
[WhiteElo "2016"]
[BlackElo "2476"]
[PlyCount "86"]
[EventDate "2026.??.??"]

1. d4 Nf6 2. Bf4 d5 3. Nc3 a6 4. h3 e6 5. Nf3 Nbd7 6. e3 c5 7. g4 Qa5 8. Nd2 h6
9. a3 Qb6 10. Nb3 c4 11. Nd2 Qxb2 12. Na4 Qb5 13. c3 Qa5 14. Qc2 b5 15. Nb2 b4
16. Nbxc4 dxc4 17. Nxc4 Qd8 18. axb4 Bb7 19. Rg1 Nb6 20. Na5 Be4 21. Bd3 Qd5
22. Bc7 Nbd7 23. Bf4 Rc8 24. Rb1 Be7 25. g5 hxg5 26. Rxg5 Bxd3 27. Qxd3 Qe4 28.
Ke2 Qxd3+ 29. Kxd3 Nd5 30. Rxg7 Rxc3+ 31. Kd2 Rc8 32. Nb7 Nxf4 33. exf4 Rb8 34.
Nc5 Nxc5 35. dxc5 Bxc5 36. f5 Bxb4+ 37. Kd3 exf5 38. f4 Rxh3+ 39. Kc4 Rc3+ 40.
Kd4 Rd8+ 41. Ke5 Rc5+ 42. Kf6 Bc3+ 43. Kg5 Bxg7 0-1

[Event "Power Solutions Arctic Chess NGP 2026"]
[Site "UiT Campus Alta"]
[Date "2026.02.18"]
[Round "1"]
[White "Williams, Simon K."]
[Black "Heier, Odin N"]
[Result "1-0"]
[WhiteElo "2432"]
[BlackElo "2007"]
[PlyCount "55"]
[EventDate "2026.??.??"]

1. d4 d5 2. Nf3 Nf6 3. c4 e6 4. Nc3 Be7 5. Bf4 O-O 6. e3 c6 7. Qc2 Nbd7 8. h4
Qa5 9. Nd2 Re8 10. Bd3 Bf8 11. cxd5 exd5 12. O-O-O h5 13. Kb1 b5 14. Nf3 Qb6
15. Ng5 Be7 16. g4 Nxg4 17. Rdg1 Ndf6 18. f3 Nh6 19. Rg2 Kh8 20. Rhg1 Bf8 21.
Be5 Be6 22. Be2 Bf5 23. Nxf7+ Kh7 24. Bd3 Nxf7 25. Bxf5+ Kh6 26. Rg6+ Kh7 27.
Rxg7+ Kh8 28. Rh7# 1-0

[Event "Power Solutions Arctic Chess NGP 2026"]
[Site "UiT Campus Alta"]
[Date "2026.02.18"]
[Round "1"]
[White "Rustan, Elias B."]
[Black "Hansen, Torbjørn R."]
[Result "0-1"]
[WhiteElo "1986"]
[BlackElo "2407"]
[PlyCount "164"]
[EventDate "2026.??.??"]

1. e4 Nc6 2. d4 d5 3. e5 Bf5 4. c3 e6 5. Nf3 f6 6. exf6 Nxf6 7. Bd3 Bd6 8. Na3
a6 9. Nc2 O-O 10. O-O Ne4 11. Ne3 Bg6 12. Be2 Bh5 13. c4 Kh8 14. cxd5 exd5 15.
Nxd5 Bxh2+ 16. Nxh2 Bxe2 17. Qxe2 Qxd5 18. Be3 Rae8 19. a3 Nxd4 20. Bxd4 Qxd4
21. Rad1 Qb6 22. Qc2 h6 23. Ng4 Rf4 24. Nh2 Ref8 25. Nf3 Rxf3 26. Qxe4 Rxf2 27.
Rxf2 Qxf2+ 28. Kh2 Qxb2 29. Rb1 Qxa3 30. Rxb7 Qd6+ 31. Kg1 Qc5+ 32. Kh2 a5 33.
Rb1 Qf5 34. Qe1 Qf4+ 35. Kg1 Qd4+ 36. Kh2 a4 37. Rb4 Qd6+ 38. Kh1 Rf1+ 39. Qxf1
Qxb4 40. Qf5 Qe7 41. Qc8+ Kh7 42. Qf5+ g6 43. Qa5 a3 44. Qa4 h5 45. Qc4 Qe1+
46. Kh2 Qe5+ 47. Kh1 Kg7 48. Qa4 Qd6 49. Qc4 h4 50. Qc3+ Kh7 51. Qc4 Qe7 52.
Qa4 g5 53. Qc2+ Kh6 54. Qc6+ Qd6 55. Qc4 Qf6 56. Qd5 c5 57. Qc4 Qa1+ 58. Kh2
Qe5+ 59. Kh1 g4 60. Qc1+ Kh5 61. Qb1 a2 62. Qh7+ Kg5 63. Qg8+ Kf4 64. Qf7+ Kg5
65. Qg8+ Kf6 66. Qf8+ Ke6 67. Qe8+ Kd5 68. Qd7+ Kc4 69. Qa4+ Kc3 70. Qa3+ Kd4
71. Qb2+ Ke4 72. Qxa2 Qd4 73. Qc2+ Kf4 74. Qc1+ Qe3 75. Qc4+ Kg3 76. Qf1 h3 77.
gxh3 Qf3+ 78. Qxf3+ gxf3 79. Kg1 f2+ 80. Kf1 Kf3 81. h4 c4 82. h5 c3 0-1

[Event "Power Solutions Arctic Chess NGP 2026"]
[Site "UiT Campus Alta"]
[Date "2026.02.18"]
[Round "1"]
[White "Vestby-Ellingsen, Mads"]
[Black "Sivaparan, Isai"]
[Result "1-0"]
[WhiteElo "2386"]
[BlackElo "1983"]
[PlyCount "111"]
[EventDate "2026.??.??"]

1. d4 Nf6 2. c4 e6 3. Nc3 Bb4 4. Nf3 d6 5. Bd2 O-O 6. e3 Re8 7. a3 Bxc3 8. Bxc3
Ne4 9. Qc2 Nxc3 10. Qxc3 a5 11. b4 axb4 12. axb4 Rxa1+ 13. Qxa1 e5 14. Qb2 exd4
15. Qxd4 c5 16. Qc3 Nc6 17. bxc5 dxc5 18. Be2 Qa5 19. Qxa5 Nxa5 20. Kd2 Be6 21.
Kc3 Nc6 22. Ra1 f6 23. Nd2 b6 24. Ne4 f5 25. Ng5 Bd7 26. Rd1 Re7 27. Bf3 Nb4
28. h4 g6 29. Rd6 b5 30. cxb5 Bxb5 31. Ne6 Na6 32. Bd5 Nb4 33. Bb3 c4 34. Bxc4
Bxc4 35. Kxc4 Nc2 36. Kb3 Ne1 37. Nf4 Re4 38. g3 Nf3 39. Kc3 Kf7 40. Ra6 Ne1
41. h5 gxh5 42. Rh6 Kg7 43. Rxh5 Re5 44. g4 Nf3 45. gxf5 Kf6 46. Rxh7 Rxf5 47.
Kd3 Ra5 48. Rh6+ Kg7 49. Rg6+ Kf7 50. Rg3 Ne5+ 51. Ke2 Ra2+ 52. Kf1 Kf6 53. Kg2
Kf5 54. Nh3 Rb2 55. Rg8 Ng4 56. e4+ 1-0

[Event "Power Solutions Arctic Chess NGP 2026"]
[Site "UiT Campus Alta"]
[Date "2026.02.18"]
[Round "1"]
[White "Roover, Nikolay J. D."]
[Black "Grave, Jacob T."]
[Result "0-1"]
[WhiteElo "1966"]
[BlackElo "2382"]
[PlyCount "74"]
[EventDate "2026.??.??"]

1. Nf3 Nf6 2. g3 b5 3. Bg2 Bb7 4. a4 b4 5. O-O e6 6. d4 Be7 7. a5 O-O 8. c4
bxc3 9. Nxc3 Na6 10. Re1 d5 11. Ne5 c5 12. dxc5 Bxc5 13. Nd3 Be7 14. Be3 Ng4
15. Bd2 Bc6 16. Rb1 Rb8 17. Bf4 Rc8 18. b4 Ba8 19. Na4 e5 20. Bh3 exf4 21. Bxg4
fxg3 22. hxg3 Rc4 23. Bf3 Nxb4 24. Nab2 Rc8 25. Qa4 Bc6 26. Qb3 Qxa5 27. Ra1
Qb6 28. Na4 Qd4 29. Nxb4 Bxb4 30. Red1 Qc4 31. Rdb1 Be7 32. Nc3 Bf6 33. Ra3
Rfd8 34. Ne4 Bd4 35. Qxc4 dxc4 36. Rc1 Bxe4 37. Bxe4 Bb2 0-1

[Event "Power Solutions Arctic Chess NGP 2026"]
[Site "UiT Campus Alta"]
[Date "2026.02.18"]
[Round "1"]
[White "Kreken, Eivind G."]
[Black "Solbu, Lasse T."]
[Result "1-0"]
[WhiteElo "2347"]
[BlackElo "1958"]
[PlyCount "91"]
[EventDate "2026.??.??"]

1. d4 e6 2. c4 f5 3. g3 Nf6 4. Nf3 Be7 5. Bg2 d6 6. O-O O-O 7. Nc3 Ne4 8. Nxe4
fxe4 9. Ne1 d5 10. Be3 Nc6 11. Rc1 Bf6 12. f3 dxc4 13. Rxc4 e5 14. d5 exf3 15.
Nxf3 Ne7 16. Bc5 b6 17. Bxe7 Qxe7 18. Qc2 Ba6 19. Rxc7 Rac8 20. Rxc8 Rxc8 21.
Qf5 Qc5+ 22. Kh1 Bxe2 23. Re1 Bxf3 24. Bxf3 Rf8 25. Qd3 Qf2 26. Qe2 Qxe2 27.
Rxe2 Rc8 28. Kg2 Kf7 29. d6 Rc5 30. h4 g6 31. Rd2 b5 32. a3 Bd8 33. b4 Rc3 34.
Rd5 Ke6 35. Rxb5 Kxd6 36. Rd5+ Kc7 37. Bg4 Bf6 38. Rd7+ Kb6 39. Bf3 e4 40. Bxe4
Be5 41. a4 Rc7 42. Rd5 Re7 43. Kf3 Bxg3 44. Rb5+ Ka6 45. Bd3 Rc7 46. Rb8+ 1-0

[Event "Power Solutions Arctic Chess NGP 2026"]
[Site "UiT Campus Alta"]
[Date "2026.02.18"]
[Round "1"]
[White "Brasøy, Aksel"]
[Black "Foreest, Machteld V."]
[Result "0-1"]
[WhiteElo "1952"]
[BlackElo "2320"]
[PlyCount "88"]
[EventDate "2026.??.??"]

1. e4 c5 2. d3 Nc6 3. f4 e6 4. Nf3 d5 5. Be2 Nf6 6. e5 Nd7 7. c3 d4 8. O-O Be7
9. Nbd2 O-O 10. Ne4 b5 11. Qe1 f5 12. Neg5 Nb6 13. Bd2 Qd5 14. Kh1 Na4 15. c4
bxc4 16. dxc4 Qd7 17. b3 d3 18. bxa4 dxe2 19. Qxe2 h6 20. Nh3 Nd4 21. Nxd4 cxd4
22. Qd3 Bb7 23. Ng1 Be4 24. Qg3 Qxa4 25. Nf3 Qxc4 26. Rfc1 Qd3 27. Rc7 Rf7 28.
Ba5 Qa3 29. Qe1 Bxf3 30. gxf3 Qxf3+ 31. Kg1 Qxf4 32. Rac1 d3 33. R1c4 Qg5+ 34.
Kh1 f4 35. Qe4 Raf8 36. Bd2 Qh5 37. Qxd3 Qd1+ 38. Kg2 f3+ 39. Kf2 Qh1 40. Bf4
Bh4+ 41. Bg3 Qxh2+ 42. Ke3 Qg1+ 43. Kd2 Rxc7 44. Rxc7 Qxg3 0-1

[Event "Power Solutions Arctic Chess NGP 2026"]
[Site "UiT Campus Alta"]
[Date "2026.02.18"]
[Round "1"]
[White "Houska, Jovanka"]
[Black "Solbu, August"]
[Result "1-0"]
[WhiteElo "2314"]
[BlackElo "1949"]
[PlyCount "81"]
[EventDate "2026.??.??"]

1. d4 d5 2. Nf3 Nf6 3. e3 e6 4. Bd3 Be7 5. O-O O-O 6. b3 b6 7. Bb2 Bb7 8. Nbd2
Ne4 9. c4 Nd7 10. Rc1 Rc8 11. Qe2 c5 12. Rfd1 Qc7 13. dxc5 bxc5 14. cxd5 exd5
15. Nf1 Bf6 16. Ng3 Ne5 17. Nh5 Nd7 18. Nxf6+ Nexf6 19. Nh4 Rfe8 20. Nf5 Qb6
21. Qf3 Re6 22. Qg3 g6 23. Nh6+ Kf8 24. Ng4 Nxg4 25. Qxg4 Nf6 26. Qg5 Qc6 27.
Qh6+ Kg8 28. Be2 Ne8 29. Bg4 f5 30. Bf3 Rd6 31. h4 Qd7 32. h5 Ng7 33. hxg6 Rxg6
34. Qf4 d4 35. exd4 Ne6 36. Qe3 cxd4 37. Rxc8+ Qxc8 38. Bxd4 f4 39. Qe2 Ng5 40.
Bxb7 Qxb7 41. Qe8# 1-0

[Event "Power Solutions Arctic Chess NGP 2026"]
[Site "UiT Campus Alta"]
[Date "2026.02.18"]
[Round "1"]
[White "Solbakken, Mikkel D."]
[Black "Lund, Gunnar"]
[Result "0-1"]
[WhiteElo "1934"]
[BlackElo "2314"]
[PlyCount "166"]
[EventDate "2026.??.??"]

1. e4 c5 2. Nf3 d6 3. d4 cxd4 4. Nxd4 Nf6 5. Nc3 Nc6 6. f3 e5 7. Nb3 Be7 8. Be3
O-O 9. Qd2 a5 10. a4 Nb4 11. Nd5 Nfxd5 12. exd5 b6 13. c3 Na6 14. Qf2 Rb8 15.
Bb5 Bh4 16. g3 Bg5 17. O-O Bxe3 18. Qxe3 Nc7 19. Bc4 Bb7 20. Qd3 Qg5 21. Nd2
Qg6 22. Qxg6 hxg6 23. Ne4 Rfd8 24. Rfd1 Ne8 25. Kf2 Rbc8 26. Ba2 Nf6 27. Ke3
Nxe4 28. fxe4 f6 29. Rdc1 Kf7 30. Rab1 Ra8 31. b4 Bc8 32. c4 axb4 33. Rxb4 Bd7
34. Rxb6 Rxa4 35. Bb1 Ra3+ 36. Bd3 Ke7 37. c5 dxc5 38. Rxc5 Rc8 39. Rxc8 Bxc8
40. Kd2 Kd8 41. Rd6+ Kc7 42. Rc6+ Kd8 43. Rc2 Bd7 44. Rb2 Kc7 45. Rc2+ Kd6 46.
Rc3 Ra1 47. Rc2 f5 48. Rb2 fxe4 49. Bxe4 Bf5 50. Rb6+ Kc5 51. Rc6+ Kd4 52. Bxf5
gxf5 53. d6 Ra8 54. Rc7 Rd8 55. Rxg7 Rxd6 56. Ra7 Rb6 57. Ra4+ Kd5 58. Ra5+ Ke4
59. Ke2 Rb2+ 60. Kf1 Rxh2 61. Ra3 Rd2 62. Ra5 Rd5 63. Ra4+ Kf3 64. Ra3+ Kg4 65.
Re3 Ra5 66. Rb3 Ra2 67. Kg1 e4 68. Re3 Rd2 69. Ra3 Rd3 70. Ra8 Rxg3+ 71. Kf2
Rf3+ 72. Ke2 Kf4 73. Rf8 Ra3 74. Rh8 Ra2+ 75. Kf1 Kg4 76. Rf8 f4 77. Rh8 e3 78.
Rh7 Kg3 79. Rh8 Rh2 80. Rf8 Kf3 81. Kg1 Rg2+ 82. Kf1 e2+ 83. Ke1 Rg1+ 0-1

[Event "Power Solutions Arctic Chess NGP 2026"]
[Site "UiT Campus Alta"]
[Date "2026.02.18"]
[Round "1"]
[White "Nielsen, André Z."]
[Black "Johnsen, Kjell M."]
[Result "1-0"]
[WhiteElo "2301"]
[BlackElo "1930"]
[PlyCount "81"]
[EventDate "2026.??.??"]

1. e4 e6 2. d4 d5 3. Nc3 Nf6 4. Bg5 dxe4 5. Nxe4 Be7 6. Nxf6+ Bxf6 7. Bxf6 Qxf6
8. Nf3 Nc6 9. Bd3 Bd7 10. c3 O-O-O 11. O-O e5 12. d5 Ne7 13. Qb3 Bf5 14. Bxf5+
Nxf5 15. Rfe1 Rhe8 16. c4 e4 17. Nd2 Qd4 18. Nf1 Nd6 19. Ne3 f5 20. Rad1 Qc5
21. Qc3 a5 22. Qxg7 Kb8 23. Qd4 b6 24. b3 Rg8 25. Qxc5 bxc5 26. g3 Kb7 27. Kf1
Ra8 28. Rb1 Kc8 29. a3 Rb8 30. b4 axb4 31. axb4 cxb4 32. c5 f4 33. cxd6 fxe3
34. Rxe3 cxd6 35. Rxe4 Rg5 36. Re8+ Kc7 37. Re7+ Kd8 38. Rxh7 Rxd5 39. Rh8+ Kc7
40. Rxb8 Kxb8 41. Rxb4+ 1-0

[Event "Power Solutions Arctic Chess NGP 2026"]
[Site "UiT Campus Alta"]
[Date "2026.02.18"]
[Round "1"]
[White "Solskjær, Frode"]
[Black "Hunt, Harriet V."]
[Result "0-1"]
[WhiteElo "1926"]
[BlackElo "2289"]
[PlyCount "74"]
[EventDate "2026.??.??"]

1. d4 Nf6 2. Nf3 e6 3. c4 b6 4. Nc3 Bb4 5. Bg5 Bb7 6. e3 h6 7. Bh4 g5 8. Bg3
Ne4 9. Qc2 Bxc3+ 10. bxc3 d6 11. Bd3 f5 12. d5 exd5 13. cxd5 Bxd5 14. Nd4 Qf6
15. f3 Nxg3 16. hxg3 Nd7 17. Bxf5 Nc5 18. Kf2 Kf8 19. g4 Re8 20. Rae1 Re7 21.
e4 Bb7 22. Nb3 Re5 23. Qd2 Kg7 24. Qd4 Ba6 25. Rd1 Rf8 26. Nc1 Bb5 27. Ne2 Bxe2
28. Kxe2 b5 29. Kf2 a5 30. Rd2 Rb8 31. g3 Rf8 32. Rb1 Na4 33. Rd3 Rc5 34. Ke3
Nxc3 35. Rb3 Nxa2 36. Qxf6+ Rxf6 37. Rd2 Nc3 0-1

[Event "Power Solutions Arctic Chess NGP 2026"]
[Site "UiT Campus Alta"]
[Date "2026.02.18"]
[Round "1"]
[White "Bruaset, Eivind"]
[Black "Paranichev, Miron"]
[Result "1-0"]
[WhiteElo "2215"]
[BlackElo "1901"]
[PlyCount "87"]
[EventDate "2026.??.??"]

1. e4 c6 2. d4 d5 3. exd5 cxd5 4. c4 Nf6 5. Nc3 Nc6 6. Nf3 Bg4 7. Bg5 Bxf3 8.
gxf3 e6 9. cxd5 exd5 10. Qe2+ Qe7 11. Be3 Rd8 12. O-O-O g6 13. Kb1 Bg7 14. Qd2
O-O 15. h4 Nh5 16. Bg2 Na5 17. b3 Qb4 18. Nxd5 Qxd2 19. Ne7+ Kh8 20. Bxd2 b6
21. d5 Rfe8 22. Rhe1 Bf6 23. d6 Nb7 24. Bb4 Nc5 25. Nc6 Rxe1 26. Bxe1 Re8 27.
Bf1 Nf4 28. Bb4 Nfe6 29. d7 Ra8 30. Bc4 Nd8 31. Nxd8 Rxd8 32. Bxc5 bxc5 33. h5
gxh5 34. Bxf7 Bd4 35. Rg1 Bxf2 36. Rg5 Be3 37. Rd5 h4 38. Be6 h6 39. Re5 Bf2
40. Bh3 Kg7 41. Re8 Rxd7 42. Bxd7 Kf6 43. Kc2 Kg5 44. Re4 1-0

[Event "Power Solutions Arctic Chess NGP 2026"]
[Site "UiT Campus Alta"]
[Date "2026.02.18"]
[Round "1"]
[White "Gressli, Kristoffer"]
[Black "Aamodt, Peder M."]
[Result "0-1"]
[WhiteElo "1894"]
[BlackElo "2189"]
[PlyCount "66"]
[EventDate "2026.??.??"]

1. c4 Nf6 2. g3 e6 3. Bg2 c5 4. Nc3 d5 5. cxd5 exd5 6. d3 d4 7. Ne4 Nxe4 8.
Bxe4 Be7 9. Bg2 O-O 10. Nf3 Nc6 11. O-O Be6 12. h4 Bd5 13. Bf4 Re8 14. a3 a5
15. b3 Bf8 16. Rc1 h6 17. e4 Be6 18. Re1 Ra6 19. Ne5 Nxe5 20. Bxe5 Qd7 21. Bf4
a4 22. b4 cxb4 23. Rc7 Qb5 24. e5 Bd5 25. Qh5 g6 26. Qg4 Bxg2 27. Kxg2 Qd5+ 28.
Kg1 bxa3 29. Rd7 Qa5 30. Re2 Qb5 31. e6 Raxe6 32. Rxe6 Rxe6 33. Rxd4 a2 0-1

[Event "Power Solutions Arctic Chess NGP 2026"]
[Site "UiT Campus Alta"]
[Date "2026.02.18"]
[Round "1"]
[White "Austad, Eirik S."]
[Black "Aanes, Kjell"]
[Result "1-0"]
[WhiteElo "2155"]
[BlackElo "1872"]
[PlyCount "116"]
[EventDate "2026.??.??"]

1. Nf3 d5 2. d4 Nf6 3. c4 e6 4. Bg5 c5 5. Nc3 cxd4 6. Nxd4 Be7 7. e3 O-O 8.
cxd5 Nxd5 9. Bxe7 Qxe7 10. Nxd5 exd5 11. Be2 Nc6 12. Qd2 Be6 13. O-O Rfd8 14.
Rac1 Rac8 15. Bb5 Nxd4 16. Qxd4 b6 17. b4 Rxc1 18. Rxc1 Rc8 19. Rxc8+ Bxc8 20.
Bc6 Be6 21. Bxd5 Bxd5 22. Qxd5 Qxb4 23. Qa8+ Qf8 24. Qxa7 Qd8 25. Qa4 h6 26. g3
Qc7 27. Qe8+ Kh7 28. Qe4+ g6 29. h4 h5 30. Qd5 Kg8 31. Kg2 Kg7 32. Kf3 Kg8 33.
Qa8+ Kh7 34. Qe4 Qc5 35. a4 Qd6 36. Qc4 Qf6+ 37. Kg2 Kg8 38. Qd5 Kh7 39. e4 Kg8
40. e5 Qf5 41. Qd8+ Kh7 42. Qd4 Kg8 43. Kh2 Qe6 44. Kg1 Qb3 45. Qd8+ Kh7 46.
Qd7 Kg8 47. Kg2 Kh8 48. Qb5 Qe6 49. Kf3 Kh7 50. Kf4 f6 51. exf6 Qxf6+ 52. Ke3
Qd6 53. Qc4 Qe7+ 54. Kd2 Qd6+ 55. Kc2 Qf6 56. Qc7+ Kg8 57. f4 Qd4 58. Kb3 Qf2
1-0

[Event "Power Solutions Arctic Chess NGP 2026"]
[Site "UiT Campus Alta"]
[Date "2026.02.18"]
[Round "1"]
[White "Harila, Rune"]
[Black "Skaar, Ben S. G."]
[Result "0-1"]
[WhiteElo "1811"]
[BlackElo "2152"]
[PlyCount "86"]
[EventDate "2026.??.??"]

1. e4 c5 2. Nf3 Nc6 3. d4 cxd4 4. Nxd4 Nf6 5. Nc3 e5 6. Ndb5 d6 7. Bg5 a6 8.
Na3 b5 9. Nd5 Be7 10. Bxf6 Bxf6 11. Be2 O-O 12. O-O Bg5 13. c3 Ne7 14. Nc2 Be6
15. Nce3 g6 16. Nxe7+ Qxe7 17. Nd5 Qd8 18. Qd3 f5 19. f3 Ra7 20. Rad1 Raf7 21.
b3 Kg7 22. c4 fxe4 23. fxe4 Rxf1+ 24. Rxf1 Rxf1+ 25. Kxf1 Qa5 26. cxb5 axb5 27.
Qc2 Bxd5 28. exd5 b4 29. Bc4 Qa7 30. Qe2 Qd4 31. g3 h5 32. Kg2 Be3 33. h3 e4
34. h4 Qc3 35. g4 hxg4 36. Qxg4 Qc2+ 37. Qe2 Qxe2+ 38. Bxe2 Kf6 39. h5 gxh5 40.
Bxh5 Ke5 41. Bf7 Kd4 42. Kf1 Kd3 43. Bh5 Bg5 0-1

[Event "Power Solutions Arctic Chess NGP 2026"]
[Site "UiT Campus Alta"]
[Date "2026.02.18"]
[Round "1"]
[White "Hagesather, Ellen"]
[Black "Sjogren, Oddbjorn"]
[Result "1-0"]
[WhiteElo "2145"]
[BlackElo "1810"]
[PlyCount "87"]
[EventDate "2026.??.??"]

1. Nf3 d6 2. g3 e5 3. d3 Nc6 4. Bg2 f5 5. e4 Nf6 6. exf5 Bxf5 7. h3 Qd7 8. Nc3
O-O-O 9. a3 d5 10. g4 e4 11. Nh4 Nxg4 12. hxg4 Bxg4 13. Qxg4 Qxg4 14. Bh3 Qxh3
15. Rxh3 Nd4 16. Kd1 Be7 17. Be3 Ne6 18. d4 Rhf8 19. Ne2 c5 20. c3 Rf7 21. Kd2
Rdf8 22. Rg1 g5 23. Ng2 Rxf2 24. Bxf2 Rxf2 25. Rxh7 Bf6 26. Ke1 Rf3 27. dxc5
Nxc5 28. Nh4 Nd3+ 29. Kd2 Rh3 30. Rf7 Rxh4 31. Rxf6 g4 32. b3 Ne5 33. Ke3 Rh3+
34. Rg3 Kd7 35. Rxh3 gxh3 36. Kd4 Ng4 37. Rf5 Ke6 38. Rxd5 e3 39. Rh5 h2 40.
Ng3 Kf6 41. Kd3 Kg6 42. Ke2 b6 43. Kf3 h1=Q+ 44. Rxh1 1-0

[Event "Power Solutions Arctic Chess NGP 2026"]
[Site "UiT Campus Alta"]
[Date "2026.02.18"]
[Round "1"]
[White "Myren, Matias"]
[Black "Bashylina, Luisa"]
[Result "0-1"]
[WhiteElo "1770"]
[BlackElo "2145"]
[PlyCount "96"]
[EventDate "2026.??.??"]

1. e4 c5 2. Nc3 d6 3. Bb5+ Bd7 4. Bxd7+ Nxd7 5. f4 Ngf6 6. Nf3 e6 7. O-O Be7 8.
d3 O-O 9. Qe1 a6 10. e5 Ne8 11. Kh1 b5 12. Bd2 b4 13. Ne4 d5 14. Ng3 g6 15. c3
a5 16. d4 bxc3 17. Bxc3 Ng7 18. Qd2 a4 19. a3 Nb6 20. Qf2 Nd7 21. Rac1 h5 22.
Ne2 Nf5 23. Ng3 Nh6 24. Qd2 Kg7 25. f5 Nxf5 26. Nxf5+ gxf5 27. Qf2 Rh8 28. Bd2
c4 29. g3 Nf8 30. Nh4 Ng6 31. Nxf5+ exf5 32. Qxf5 Qe8 33. Rce1 Ra6 34. Qf3 h4
35. g4 h3 36. Qxd5 Bh4 37. Re2 Ne7 38. Qxc4 Qa8+ 39. Kg1 Nd5 40. Qd3 Rg6 41.
Qf5 Qe8 42. Qe4 Qe6 43. g5 Bxg5 44. Bxg5 Rxg5+ 45. Kh1 Rg4 46. Qf3 Nf4 47. Ref2
Rhh4 48. Qe3 Qg6 0-1

[Event "Power Solutions Arctic Chess NGP 2026"]
[Site "UiT Campus Alta"]
[Date "2026.02.18"]
[Round "1"]
[White "Verbin, Valentina"]
[Black "Wilhelmsen, Vegard"]
[Result "1-0"]
[WhiteElo "2140"]
[BlackElo "1770"]
[PlyCount "59"]
[EventDate "2026.??.??"]

1. d4 e6 2. c4 f5 3. g3 Nf6 4. Bg2 Be7 5. Nh3 O-O 6. O-O d6 7. Nc3 c6 8. b3 Bd7
9. d5 cxd5 10. cxd5 e5 11. Ng5 Qc8 12. Bb2 Na6 13. Rc1 Qe8 14. Ne6 Bxe6 15.
dxe6 Rb8 16. a4 Nc7 17. b4 Kh8 18. Qb3 b6 19. Nb1 Bd8 20. Na3 Qxe6 21. Qxe6
Nxe6 22. Nb5 f4 23. Nxd6 fxg3 24. hxg3 Be7 25. Bxe5 Ng4 26. Nf7+ Kg8 27. Bxb8
Rxb8 28. Bd5 Kxf7 29. Rc6 Ne5 30. Rxe6 1-0

[Event "Power Solutions Arctic Chess NGP 2026"]
[Site "UiT Campus Alta"]
[Date "2026.02.18"]
[Round "1"]
[White "Wilhelmsen, Jim L."]
[Black "Hammari, Vinjar"]
[Result "0-1"]
[WhiteElo "1763"]
[BlackElo "2101"]
[PlyCount "56"]
[EventDate "2026.??.??"]

1. d4 d5 2. Nf3 c5 3. dxc5 e6 4. Nc3 Bxc5 5. e4 Nf6 6. Bg5 Qb6 7. Bb5+ Bd7 8.
Bxd7+ Nbxd7 9. O-O Nxe4 10. Nxe4 dxe4 11. Nd2 e3 12. Nb3 exf2+ 13. Kh1 Be7 14.
Bxe7 Kxe7 15. Qg4 Nf6 16. Qh4 Rhd8 17. Rxf2 Rd5 18. Raf1 Rh5 19. Qd4 Qxd4 20.
Nxd4 Rd8 21. c3 Ke8 22. h3 Ne4 23. Rf3 Nd2 24. Nxe6 fxe6 25. Rf8+ Kd7 26. Rxd8+
Kxd8 27. Rd1 Rd5 28. c4 Nxc4 0-1

[Event "Power Solutions Arctic Chess NGP 2026"]
[Site "UiT Campus Alta"]
[Date "2026.02.18"]
[Round "1"]
[White "Noer, Andreas"]
[Black "Valvåg, Torbjørn"]
[Result "0-1"]
[WhiteElo "1739"]
[BlackElo "2082"]
[PlyCount "138"]
[EventDate "2026.??.??"]

1. c4 e5 2. g3 Nc6 3. Bg2 f5 4. d3 Nf6 5. Nc3 Bb4 6. Bd2 d6 7. Nd5 Bxd2+ 8.
Qxd2 O-O 9. f4 Ne7 10. Nxf6+ Rxf6 11. Nf3 exf4 12. Qxf4 Bd7 13. O-O Ng6 14. Qd4
Qe7 15. Qd5+ Kh8 16. Qxb7 Qe3+ 17. Kh1 Rc8 18. Rae1 f4 19. Ng5 Rf5 20. Ne4 Rh5
21. Rf3 Qd4 22. Ref1 h6 23. Rxf4 Nxf4 24. Rxf4 Qe3 25. Rf2 Rf5 26. Bf3 Rf7 27.
Kg2 Rcf8 28. Qb4 g5 29. Qc3+ Kg8 30. Qd2 Qxd2 31. Nxd2 Kg7 32. Rf1 g4 33. Be4
Rxf1 34. Nxf1 Rb8 35. b3 a5 36. d4 a4 37. Bc2 axb3 38. axb3 Bc6+ 39. e4 Ra8 40.
Ne3 Ra2 41. d5 Be8 42. Kf2 Bg6 43. Ke1 h5 44. Kd1 Ra1+ 45. Ke2 Kf6 46. b4 Ke5
47. c5 Bxe4 48. cxd6 cxd6 49. Nc4+ Kd4 50. Bxe4 Kxc4 51. b5 Kxb5 52. Bf5 Ra2+
53. Ke3 Rxh2 54. Kf4 Rf2+ 55. Kg5 Kc5 56. Be6 Rf3 57. Kh4 Kd4 58. Bg8 Ke3 59.
Be6 Kf2 60. Kxh5 Kxg3 61. Bxg4 Rd3 62. Be6 Kf4 63. Kh4 Ke5 64. Kg4 Rxd5 65. Bg8
Ra5 66. Kf3 Ra3+ 67. Ke2 Kd4 68. Kd2 Rg3 69. Ke2 Rxg8 0-1

[Event "Power Solutions Arctic Chess NGP 2026"]
[Site "UiT Campus Alta"]
[Date "2026.02.18"]
[Round "2"]
[White "Hunt, Harriet V"]
[Black "Urkedal, Frode O. O"]
[Result "0-1"]
[WhiteElo "2289"]
[BlackElo "2569"]
[PlyCount "154"]
[EventDate "2026.??.??"]

1. e4 c5 2. Nf3 d6 3. Bb5+ Nd7 4. Ba4 Ngf6 5. d3 g6 6. O-O Bg7 7. c4 O-O 8. Nc3
a6 9. Rb1 Rb8 10. Bd2 Ng4 11. h3 Nge5 12. Nxe5 Nxe5 13. Bg5 Bd7 14. Bc2 Nc6 15.
Qd2 Nd4 16. Bd1 b5 17. cxb5 axb5 18. Nd5 Re8 19. b4 Bc6 20. Ne3 Ne6 21. Bh4
cxb4 22. Qxb4 Ra8 23. a3 Qa5 24. Nc2 Nc5 25. Be2 Na4 26. Rb3 Bd7 27. d4 Rec8
28. Bd3 Kf8 29. Rd1 Be6 30. Qxa5 Rxa5 31. Rb4 Nc3 32. Re1 Bh6 33. Ra1 Bd2 34.
Rb2 g5 35. Bg3 Bc4 36. Nb4 Bxd3 37. Rxd2 Ne2+ 38. Kh2 Nxg3 39. Rxd3 Nxe4 40. f3
Nf6 41. Re1 e6 42. d5 e5 43. Nc6 Ra6 44. Nb4 Ra4 45. Nc6 Nh5 46. Re4 Rca8 47.
Rxa4 Rxa4 48. Nb4 Ke7 49. Rc3 Kd7 50. Nc6 Rc4 51. Rb3 Rc5 52. a4 Kc7 53. axb5
Kb6 54. Nd8 f6 55. Nf7 Rxd5 56. Rb2 Nf4 57. Kg3 Ng6 58. Kg4 Ne7 59. Kh5 Nf5 60.
g4 Nh4 61. Rb3 Rd4 62. Kh6 d5 63. Nd6 e4 64. Rc3 exf3 65. Rc6+ Ka5 66. Ra6+ Kb4
67. b6 Kc5 68. b7 Rb4 69. Nc8 Rxb7 70. Rxf6 d4 71. Kxg5 d3 72. Nd6 Re7 73. Kxh4
d2 74. Nf5 Re5 75. Rd6 f2 76. Rxd2 f1=Q 77. Rc2+ Kb4 0-1

[Event "Power Solutions Arctic Chess NGP 2026"]
[Site "UiT Campus Alta"]
[Date "2026.02.19"]
[Round "2"]
[White "Kaasen, Tor F."]
[Black "Bruaset, Eivind"]
[Result "1-0"]
[WhiteElo "2476"]
[BlackElo "2215"]
[PlyCount "63"]
[EventDate "2026.??.??"]

1. c4 b6 2. d4 Bb7 3. Nc3 e6 4. a3 Nf6 5. Nf3 d5 6. cxd5 Nxd5 7. e3 Be7 8. Bb5+
c6 9. Bd3 c5 10. e4 Nxc3 11. bxc3 O-O 12. O-O Nc6 13. Be3 cxd4 14. cxd4 Rc8 15.
Qe2 Bf6 16. Rad1 Na5 17. d5 exd5 18. e5 Be7 19. e6 Bf6 20. Bf5 Rc7 21. exf7+
Kh8 22. Nd4 Rfxf7 23. Ne6 Qg8 24. Nxc7 Rxc7 25. Bd4 Nc4 26. Rfe1 Nd6 27. Be6
Qe8 28. Bxf6 gxf6 29. Qf3 Qg6 30. Bxd5 Bc8 31. Be6 Bb7 32. Rxd6 1-0

[Event "Power Solutions Arctic Chess NGP 2026"]
[Site "UiT Campus Alta"]
[Date "2026.02.19"]
[Round "2"]
[White "Aamodt, Peder M"]
[Black "Williams, Simon K."]
[Result "0-1"]
[WhiteElo "2189"]
[BlackElo "2432"]
[PlyCount "66"]
[EventDate "2026.??.??"]

1. d4 e6 2. c4 f5 3. a3 Nf6 4. Nc3 Be7 5. Bf4 O-O 6. Qc2 d6 7. Nf3 Nc6 8. e3
Qe8 9. h3 Bd8 10. Bh2 e5 11. O-O-O a5 12. Be2 Bd7 13. Rhg1 Kh8 14. d5 Nb4 15.
Qb1 Na6 16. Nd2 Nc5 17. g4 Nfe4 18. Ncxe4 fxe4 19. Bg3 Qg6 20. Qc2 Ra6 21. h4
Rb6 22. h5 Qe8 23. Qc3 Na4 24. Qc2 Rxb2 25. Qxe4 Ra2 26. Bd3 Bf5 27. gxf5 Nc5
28. f6 Nxe4 29. fxg7+ Kg8 30. gxf8=Q+ Kxf8 31. Nxe4 Qa4 32. Rd2 Qxa3+ 33. Kd1
Ra1+ 0-1